Ributnya cinta

Bibliographic Details
Main Author: Phidot , 1989- (Author)
Format: Book
Language:Malay
Published: Rawang, Selangor : SR Publication 2011
Subjects:

MARC

LEADER 00000cam a2200000 7i4500
001 0000029286
005 20241126.0
008 210726 my may
020 |a 9789675822049 
040 |a INS   |b eng   |e rda 
090 0 0 |a PL5186.P55   |b R53 2011 
100 0 |a Phidot ,   |d 1989- ,   |e author 
245 1 0 |a Ributnya cinta   |c Phidot 
264 1 |a Rawang, Selangor :   |b SR Publication   |c 2011 
300 |a 610 pages ;   |c 19 cm. 
336 |a text  |2 rdacontent 
337 |a unmediated  |2 rdamedia 
338 |a volume  |2 rdacarrier 
500 |a Includes index 
650 0 |a Malay fiction 
999 |a 0000011222   |b BOOK   |c Open Shelf   |e Default branch